| 000 | 01405cam a22002891i 4500 | ||
|---|---|---|---|
| 003 | SA-RiAUC | ||
| 005 | 20260128125714.0 | ||
| 008 | 260124s1911 ||| g 000r0 ara c | ||
| 040 |
_aSA-RiAUC _bara _cSA-RiAUC _erda |
||
| 082 | 0 | 4 |
_a213 _qSA-RiAUC |
| 090 |
_aم ن 213 _bج م ا |
||
| 100 | 1 |
_aجمال الدين القاسمي، جمال الدين بن محمد سعيد بن قاسم، _d1283-1332 هجري _eمؤلف. |
|
| 245 | 1 | 0 |
_aإرشاد الخلق إلى العمل بخبر البرق / _cتأليف محمد جمال الدين بن محمد سعيد بن قاسم أبو صالح القاسمي الدمشقي. |
| 250 | _aالطبعة الأولى. | ||
| 264 | 1 |
_a[مكان النشر غير محدد] : _b[الناشر غير محدد]، _c[1911] |
|
| 264 | 3 |
_a[مكان الطبع غير محدد] : _bمطبعة المقتبس. |
|
| 300 |
_a104 صفحة ؛ _c22 سم |
||
| 336 |
_aنص _btxt _2rdacontent _3كتاب |
||
| 337 |
_aبدون وسيط _bn _2rdamedia |
||
| 338 |
_aمجلد _bnc _2rdacarrier |
||
| 505 | 0 | _aالمحتويات : يحتوي على فتاوي الإشراف في العمل بالتلغراف لجمال الدين القاسمي. | |
| 650 | 7 |
_aالوعظ والإرشاد _2aucsh |
|
| 650 | 7 |
_aالفقه الإسلامي _2aucsh |
|
| 650 | 7 |
_aعلم الكلام _2aucsh |
|
| 942 |
_2ddc _cRBOOK COPY _n0 |
||
| 949 |
_aSA-JeALM _d260124 _umohamedma123 _n1 |
||
| 999 |
_c14204 _d14204 |
||